Designing schools : space, place and pedagogy /

Bibliographic Details
Other Authors: Darian-Smith, Kate (Editor), Willis, Julie (Editor)
Format: Book
Language:English
Published: New York, NY ; Abingdon, Oxon : Routledge, Taylor & Francis Group, 2017
Subjects:
Classic Catalogue: View this record in Classic Catalogue
LEADER 03511nam a2200361 i 4500
001 35086
003 BD-DhAAL
005 20211118134126.0
008 190808t2017 enk b 001 0 eng
999 |c 40816  |d 40816 
010 |a  2016013418 
020 |a 9781138886193 (hbk : alk. paper) 
020 |a 9781138886223 (pbk : alk. paper) 
020 |z 9781315714998 (ebk) 
040 |a DLC  |b eng  |c DLC  |e rda  |d DLC  |d BD-DhAAL 
042 |a pcc 
050 0 0 |a LB3221  |b .D47 2017 
082 0 0 |a 371.6  |2 23 
245 0 0 |a Designing schools :  |b space, place and pedagogy /  |c edited by Kate Darian-Smith and Julie Willis. 
260 |a New York, NY ;  |a Abingdon, Oxon :  |b Routledge, Taylor & Francis Group,  |c 2017 
300 |a xv, 250 pages :  |b illustrations ;  |c 25 cm. 
504 |a Includes bibliographical references and index. 
505 |a Architecture and the school in the twentieth century / Julie Willis -- Lessons from history. From looking to seeing, or this was the future / Ian Grosvenor -- Building ruins : abandoned ideas of the school / Martin Lawn -- Postwar schools : a personal history / Elain Harwood -- School buildings. Classroom is another place? Ernest J. Kump's 'ideal' learning environments for California schools 1937-1962 / Philip Goad -- Educational facilities laboratories : debating and designing the postwar American schoolhouse / Amy F. Ogata -- Creating friendly school environments : 'casual' high schools, progressive education and child centered culture in postwar America / Dale Allen Gyure -- Open shut them : open classrooms in Australian schools, 1967-1983 / Cameron Logan -- Balance between intimacy and interchange : Swiss school buildings in the 1960s / Marco Di Nallo -- School cultures. Making schools and thinking through materialities : Denmark, 1890-1960 / Ning de Coninck-Smith -- Domestic spaces and school places : vocational education and gender in modern Australia / Kate Darian-Smith -- 'We make no discrimination' : aboriginal education and the socio-spatial arrangements of the Australian classroom / Julie McLeod, Sianan Healy -- Model school for a model city : Shaw junior high school as a monument to planning reform / Amber Wiley -- Nigerian "Unity Schools" project : a UNESCO-IDA school building program in Africa / Ola Uduku -- School spaces. Quiet stories of educational design / Catherine Burke -- Hans Coper and Paul Ritter : tactile environments for children in postwar Britain and Australia / Geraint Franklin, David Nichols -- Bristling with opportunity : audiovisual technology in Australian schools from the 1930s to the 1980s / David Nichols, Hannah Lewi -- Digital classrooms and the new economies of attention : reflections on the end of schooling as confinement / Inés Dussel. 
526 |a ARC 
541 |a Trim Education  |e 35086, 35087 
650 0 |a School buildings  |x Design and construction.  |9 33516 
650 0 |a Architecture  |9 42858 
700 1 |a Darian-Smith, Kate,  |e editor.  |9 33517 
700 1 |a Willis, Julie,  |e editor.  |9 33518 
852 |a Ayesha Abed Library  |c General Stacks 
942 |2 ddc  |c BK 
952 |0 0  |1 0  |2 ddc  |4 0  |6 371_600000000000000_DES  |7 0  |9 65943  |a BRACUL  |b BRACUL  |c GEN  |d 2019-07-28  |e Trim Education  |g 3090.00  |l 1  |m 4  |o 371.6 DES  |p 3010035087  |r 2025-01-12  |s 2024-12-10  |t 2  |v 3090.00  |w 2019-07-28  |y BK  |x Transferred from ARC to BRACUL on 28/12/2023 
952 |0 0  |1 0  |2 ddc  |4 0  |6 371_600000000000000_DES  |7 0  |9 65944  |a BRACUL  |b BRACUL  |c GEN  |d 2019-07-28  |e Trim Education  |g 3090.00  |l 1  |m 10  |o 371.6 DES  |p 3010035086  |r 2019-12-24  |s 2019-10-11  |t 1  |v 3090.00  |w 2019-07-28  |y BK